| 000 | 00620nam a22001457a 4500 | ||
|---|---|---|---|
| 008 | 190601b xxu||||| |||| 00| 0 eng d | ||
| 020 | _a1560987049 | ||
| 082 |
_a709.04 _bO438i |
||
| 100 |
_aNicolas De Oliveira et all. _97066 |
||
| 245 | _aInstallation Art | ||
| 260 |
_aEstados Unidos de América _bSmithsonian Institution Press _c1996 |
||
| 300 |
_a208 p. _bill (col). _c27,5 x 23 cm |
||
| 505 |
_tPreface _tForeword _tTowards Installation _tTHE PLATES: Site / MEdia / Museum / Architecture _tNotes on the text _tChronology _tBibliography _tList of illustrations _tIndex |
||
| 650 |
_2Arte contemporáneo _vArte - instalaciones _97067 |
||
| 999 |
_c1799 _d1799 |
||